[Event "Muensterland Verbandsklasse-A 0607"]
[Site "Germany"]
[Date "2006.12.09"]
[Round "4.5"]
[White "Niessner, Ansgar"]
[Black "Haas, Kai Markus"]
[Result "0-1"]
[WhiteElo "1817"]
[BlackElo "1915"]
[PlyCount "78"]
[EventDate "2006.09.23"]
[EventType "team"]
[EventRounds "9"]
[EventCountry "GER"]
[SourceTitle "EXT 2008"]
[Source "ChessBase"]
[SourceDate "2007.11.25"]
[SourceVersion "1"]
[SourceVersionDate "2007.11.25"]
[SourceQuality "1"]
[WhiteTeam "Muenster Indische Dame"]
[BlackTeam "Sendenhorst"]
[WhiteTeamCountry "GER"]
[BlackTeamCountry "GER"]

1. e4 d6 2. d4 Nd7 3. Nf3 g6 4. Be2 Bg7 5. Nc3 e5 6. Bg5 Ngf6 7. dxe5 dxe5 8. 0-0 h6 9. Bd2 0-0 10. Re1 c6 11. Bc4 Qe7 12. Nh4 Kh7 13. g3 Nc5 14. Qf3 Bd7 15. Be3 b6 16. Bxc5 Qxc5 17. Bf1 Rad8 18. Qe3 Qe7 19. Rad1 Bc8 20. a3 Ng4 21. Qe2 Qc5 22. h3 Nf6 23. Qe3 Qxe3 24. Rxe3 Rxd1 25. Nxd1 Rd8 26. Nc3 Ne8 27. g4 Nc7 28. Rd3 Rxd3 29. Bxd3 Ne6 30. Ne2 Ng5 31. Kg2 Kg8 32. c3 Bf6 33. Kg3 Ne6 34. f3 Nf4 35. Nc1 Bg5 36. Bc4 b5 37. Ba2 Kf8 38. Nb3 Nd3 39. Na5 Bd7 0-1

[Event "Muensterland Verbandsklasse-A 0607"]
[Site "Germany"]
[Date "2006.10.21"]
[Round "2.5"]
[White "Schlagheck, Thomas"]
[Black "Niessner, Ansgar"]
[Result "1/2-1/2"]
[WhiteElo "1723"]
[BlackElo "1817"]
[PlyCount "110"]
[EventDate "2006.09.23"]
[EventType "team"]
[EventRounds "9"]
[EventCountry "GER"]
[SourceTitle "EXT 2008"]
[Source "ChessBase"]
[SourceDate "2007.11.25"]
[SourceVersion "1"]
[SourceVersionDate "2007.11.25"]
[SourceQuality "1"]
[WhiteTeam "Muenster SK IV"]
[BlackTeam "Muenster Indische Dame"]
[WhiteTeamCountry "GER"]
[BlackTeamCountry "GER"]

1. e4 c6 2. d4 d5 3. exd5 cxd5 4. Nf3 Nf6 5. c3 Bf5 6. Bd3 Bxd3 7. Qxd3 e6 8. 0-0 Bd6 9. Bg5 0-0 10. Nbd2 h6 11. Bh4 Nbd7 12. Rfe1 Qc7 13. Bg3 Bxg3 14. hxg3 Ng4 15. Nh2 Nxh2 16. Kxh2 Rfe8 17. Nf3 Rad8 18. Re2 e5 19. dxe5 Nxe5 20. Nxe5 Rxe5 21. Rxe5 Qxe5 22. Rd1 Qf6 23. Qd4 Qa6 24. a3 b5 25. Qc5 Qb7 26. Re1 Kh7 27. Re7 Rd7 28. Re8 a5 29. Qd4 Rd6 30. Qd3+ Rg6 31. Re5 b4 32. axb4 axb4 33. Rxd5 bxc3 34. bxc3 Qb6 35. Rf5 Qc7 36. Rf4 Kg8 37. c4 Re6 38. Re4 Qc5 39. Rxe6 fxe6 40. Kg1 Qe5 41. Qf3 Qe1+ 42. Kh2 Qe5 43. Qd3 Qh5+ 44. Kg1 Qg5 45. Qe3 Qg4 46. Qf4 Qd1+ 47. Kh2 Qh5+ 48. Qh4 Qc5 49. f3 Kf7 50. Qf4+ Ke7 51. Qe4 Kf6 52. Qd3 Ke7 53. Qe4 Kf6 54. Qh4+ Kf7 55. Qe4 Kf6 1/2-1/2

[Event "Muensterland Verbandsklasse-A 0506"]
[Site "Germany"]
[Date "2006.01.21"]
[Round "5.5"]
[White "Niewerth, Gerd"]
[Black "Niessner, Ansgar"]
[Result "1/2-1/2"]
[WhiteElo "1821"]
[BlackElo "1816"]
[PlyCount "90"]
[EventDate "2005.09.03"]
[EventType "team"]
[EventRounds "9"]
[EventCountry "GER"]
[SourceTitle "EXT 2006"]
[Source "ChessBase"]
[SourceDate "2005.11.24"]
[SourceVersion "1"]
[SourceVersionDate "2005.11.24"]
[SourceQuality "1"]
[WhiteTeam "Heiden II"]
[BlackTeam "Muenster Indische Dame"]
[WhiteTeamCountry "GER"]
[BlackTeamCountry "GER"]

1. e4 c6 2. d4 d5 3. Nc3 dxe4 4. Nxe4 Nd7 5. Nf3 Ngf6 6. Ng3 e6 7. Bc4 Bd6 8. Qe2 0-0 9. 0-0 Qc7 10. Ne4 Nxe4 11. Qxe4 e5 12. dxe5 Nxe5 13. Nxe5 Bxe5 14. f4 Bf6 15. Bd3 g6 16. Kh1 Bf5 17. Qf3 Bxd3 18. Qxd3 Rad8 19. Qf3 Rd5 20. c3 Qd7 21. Be3 b6 22. Rfd1 Rd8 23. Rxd5 Qxd5 24. Qxd5 Rxd5 25. Kg1 Bg7 26. Kf2 f5 27. Ke2 Kf7 28. a4 Ke7 29. a5 Rb5 30. Ra2 Kd6 31. Bxb6 a6 32. Kd3 Rd5+ 33. Kc2 c5 34. Ra1 Bh6 35. g3 g5 36. fxg5 Bxg5 37. Rd1 Rxd1 38. Kxd1 Kd5 39. Ke2 Kc4 40. h3 Bc1 41. b3+ Kxc3 42. Bxc5 Kxb3 43. Kd3 Ba3 44. Kd4 Bb2+ 45. Kd5 Bc3 1/2-1/2

[Event "Muensterland Verbandsklasse-A 0405"]
[Site "Muensterland"]
[Date "2005.04.23"]
[Round "9.6"]
[White "Niessner, Ansgar"]
[Black "Wehmeier, Sven"]
[Result "1/2-1/2"]
[WhiteElo "1812"]
[BlackElo "1677"]
[PlyCount "82"]
[EventDate "2004.09.11"]
[EventType "team"]
[EventRounds "9"]
[EventCountry "GER"]
[SourceTitle "EXT 2006"]
[Source "ChessBase"]
[SourceDate "2005.11.24"]
[SourceVersion "1"]
[SourceVersionDate "2005.11.24"]
[SourceQuality "1"]
[WhiteTeam "Muenster Indische Dame"]
[BlackTeam "Emsdetten Turm III"]
[WhiteTeamCountry "GER"]
[BlackTeamCountry "GER"]

1. e4 e5 2. Nf3 Nc6 3. Bb5 a6 4. Ba4 Bc5 5. 0-0 d6 6. c3 b5 7. Bc2 Bg4 8. h3 Bh5 9. b4 Bb6 10. Bb2 Qf6 11. d3 a5 12. bxa5 Rxa5 13. Nbd2 Nge7 14. Qb1 0-0 15. a4 Rb8 16. axb5 Rxb5 17. Ra2 h6 18. Qa1 Ra5 19. Nh2 Rxa2 20. Qxa2 Be2 21. Ng4 Qf4 22. Bc1 Bxg4 23. Nf3 Qg3 24. hxg4 Qxg4 25. Bb3 Qg6 26. Nh4 Qf6 27. g3 Na5 28. Be3 Nxb3 29. Qxb3 Nc6 30. Bxb6 Rxb6 31. Qa2 Qd8 32. Nf5 Ne7 33. Nxe7+ Qxe7 34. Qa8+ Kh7 35. Qa2 c6 36. Rb1 Rxb1+ 37. Qxb1 Qe6 38. c4 f5 39. exf5 Qxf5 40. Kg2 Kg6 41. f3 Kf6 1/2-1/2

[Event "Muensterland Verbandsklasse-A 0405"]
[Site "Muensterland"]
[Date "2005.03.19"]
[Round "8.7"]
[White "Niessner, Ansgar"]
[Black "Vanoni, Werner"]
[Result "1/2-1/2"]
[WhiteElo "1812"]
[BlackElo "1672"]
[PlyCount "76"]
[EventDate "2004.09.11"]
[EventType "team"]
[EventRounds "9"]
[EventCountry "GER"]
[SourceTitle "EXT 2006"]
[Source "ChessBase"]
[SourceDate "2005.11.24"]
[SourceVersion "1"]
[SourceVersionDate "2005.11.24"]
[SourceQuality "1"]
[WhiteTeam "Muenster Indische Dame"]
[BlackTeam "Nienberge"]
[WhiteTeamCountry "GER"]
[BlackTeamCountry "GER"]

1. e4 e5 2. Nf3 Nc6 3. Bb5 a6 4. Ba4 Nf6 5. 0-0 d6 6. Re1 Bd7 7. c3 Be7 8. d3 0-0 9. Nbd2 Re8 10. Nf1 h6 11. h3 Bf8 12. Ne3 g6 13. Bd2 Bg7 14. b4 b5 15. Bb3 Be6 16. Nd5 Na7 17. Qc1 Kh7 18. a4 Nxd5 19. Bxd5 Bxd5 20. exd5 Qd7 21. axb5 Qxb5 22. c4 Qb7 23. Bc3 c6 24. dxc6 Nxc6 25. Rb1 Rec8 26. b5 axb5 27. Rxb5 Qa6 28. Qe3 Qa7 29. Qxa7 Rxa7 30. Rd5 Rd8 31. c5 Ra3 32. Rc1 Rxc3 33. Rxc3 e4 34. Rc4 exf3 35. cxd6 Ne5 36. Rc7 Kg8 37. d7 Kf8 38. d4 Nd3 1/2-1/2

[Event "Muensterland Verbandsklasse-A 0405"]
[Site "Muensterland"]
[Date "2005.03.05"]
[Round "7.8"]
[White "Niessner, Ansgar"]
[Black "Wagner, Georg"]
[Result "1-0"]
[WhiteElo "1812"]
[BlackElo "1344"]
[PlyCount "45"]
[EventDate "2004.09.11"]
[EventType "team"]
[EventRounds "9"]
[EventCountry "GER"]
[SourceTitle "EXT 2006"]
[Source "ChessBase"]
[SourceDate "2005.11.24"]
[SourceVersion "1"]
[SourceVersionDate "2005.11.24"]
[SourceQuality "1"]
[WhiteTeam "Muenster Indische Dame"]
[BlackTeam "Gesch II"]
[WhiteTeamCountry "GER"]
[BlackTeamCountry "GER"]

1. e4 c5 2. Nf3 d6 3. d4 cxd4 4. Nxd4 Nf6 5. Bd3 e5 6. Nf3 Be7 7. 0-0 0-0 8. b3 Bd7 9. Bb2 Bc6 10. Nbd2 b5 11. Qe2 Qd7 12. Rfd1 Qb7 13. a3 Nbd7 14. b4 a5 15. bxa5 Rxa5 16. Bc3 Ra4 17. Bb4 Nc5 18. Bxc5 dxc5 19. c4 bxc4 20. Bc2 Rxa3 21. Rxa3 Rd8 22. Rb1 Qc7 23. Nxc4 1-0

[Event "Muensterland Verbandsklasse-A 0405"]
[Site "Muensterland"]
[Date "2004.11.06"]
[Round "3.8"]
[White "Reichstein, Michael"]
[Black "Niessner, Ansgar"]
[Result "1/2-1/2"]
[WhiteElo "1826"]
[BlackElo "1812"]
[PlyCount "121"]
[EventDate "2004.09.11"]
[EventType "team"]
[EventRounds "9"]
[EventCountry "GER"]
[SourceTitle "EXT 2006"]
[Source "ChessBase"]
[SourceDate "2005.11.24"]
[SourceVersion "1"]
[SourceVersionDate "2005.11.24"]
[SourceQuality "1"]
[WhiteTeam "Sendenhorst"]
[BlackTeam "Muenster Indische Dame"]
[WhiteTeamCountry "GER"]
[BlackTeamCountry "GER"]

1. e4 c6 2. e5 d6 3. exd6 exd6 4. Nf3 Nf6 5. d4 Bf5 6. Be2 g6 7. 0-0 Bg7 8. c3 0-0 9. Qb3 Qc7 10. h3 Re8 11. Re1 Nbd7 12. Bf4 Re4 13. Bh2 Rae8 14. Kf1 Rxe2 15. Rxe2 Bd3 16. Ng1 Nb6 17. Qd1 Bxe2+ 18. Nxe2 Qe7 19. Nd2 Qe6 20. b3 Nbd5 21. Nf3 Ne4 22. Qd3 Qf5 23. Rd1 Qd7 24. Nd2 Nxd2+ 25. Qxd2 Nf6 26. f3 Nd5 27. Bg1 Qe7 28. Ng3 Qh4 29. Ne4 Bh6 30. Qe1 Qf4 31. Rd3 Kf8 32. Bf2 Qh2 33. Bg1 Qf4 34. c4 Nf6 35. Be3 Rxe4 36. Bxf4 Rxe1+ 37. Kxe1 Bxf4 38. Kf2 d5 39. g3 Bc7 40. a4 Nh5 41. f4 Nf6 42. Kf3 h5 43. c5 Ba5 44. g4 hxg4+ 45. hxg4 Kg7 46. g5 Ne4 47. Ke3 f6 48. gxf6+ Kxf6 49. Rd1 Nd2 50. Rh1 b6 51. cxb6 axb6 52. Rc1 c5 53. dxc5 bxc5 54. Rd1 d4+ 55. Kd3 Nxb3 56. Kc4 Nd2+ 57. Kxc5 Bc3 58. Kd5 Kf5 59. Rg1 Nf3 60. Rg3 Kxf4 61. Rxg6 1/2-1/2

[Event "Muensterland Verbandsklasse-A 0304"]
[Site "Germany"]
[Date "2004.04.17"]
[Round "9.8"]
[White "Niessner, Ansgar"]
[Black "Ril, Rudi"]
[Result "1-0"]
[WhiteElo "1818"]
[BlackElo "1624"]
[PlyCount "73"]
[EventDate "2003.09.20"]
[EventType "team"]
[EventRounds "9"]
[EventCountry "GER"]
[SourceTitle "EXT 2005"]
[Source "ChessBase"]
[SourceDate "2004.11.15"]
[SourceVersion "1"]
[SourceVersionDate "2004.11.15"]
[SourceQuality "1"]
[WhiteTeam "Muenster Indische Dame"]
[BlackTeam "Gronau"]
[WhiteTeamCountry "GER"]
[BlackTeamCountry "GER"]

1. e4 c5 2. Nc3 d6 3. g3 Nc6 4. Bg2 Nf6 5. d3 g6 6. f4 e6 7. Nf3 Bg7 8. Bd2 a6 9. a4 0-0 10. 0-0 Rb8 11. Rb1 Bd7 12. Re1 Ne8 13. Ne2 b5 14. axb5 axb5 15. Bc3 e5 16. b4 Nd4 17. fxe5 Nxf3+ 18. Bxf3 cxb4 19. Bxb4 Bxe5 20. d4 Bf6 21. e5 Be7 22. Nc3 Be6 23. Nd5 Bxd5 24. Bxd5 Nc7 25. Bc6 d5 26. Qd3 Rb6 27. Bxe7 Qxe7 28. Bxb5 Rfb8 29. c4 dxc4 30. Bxc4 Kg7 31. Rxb6 Rxb6 32. Rf1 Ne6 33. Qe3 Rb4 34. Bb3 Qb7 35. Bxe6 fxe6 36. Qf2 Rb2 37. Qf8# 1-0

[Event "Muensterland Verbandsklasse-A 0304"]
[Site "Germany"]
[Date "2004.02.14"]
[Round "6.7"]
[White "Grott, Peter"]
[Black "Niessner, Ansgar"]
[Result "0-1"]
[WhiteElo "1738"]
[BlackElo "1818"]
[PlyCount "76"]
[EventDate "2003.09.20"]
[EventType "team"]
[EventRounds "9"]
[EventCountry "GER"]
[SourceTitle "EXT 2005"]
[Source "ChessBase"]
[SourceDate "2004.11.15"]
[SourceVersion "1"]
[SourceVersionDate "2004.11.15"]
[SourceQuality "1"]
[WhiteTeam "Gesch II"]
[BlackTeam "Muenster Indische Dame"]
[WhiteTeamCountry "GER"]
[BlackTeamCountry "GER"]

1. d4 d5 2. e4 dxe4 3. Nc3 Nf6 4. f3 exf3 5. Nxf3 Bg4 6. h3 Bh5 7. Bd3 e6 8. 0-0 Be7 9. Be3 0-0 10. Ne2 Nd5 11. Bd2 Nd7 12. c4 N5f6 13. Nf4 Bxf3 14. Qxf3 e5 15. Nd5 Nxd5 16. cxd5 exd4 17. Qe4 g6 18. Bh6 Re8 19. Rxf7 Bf6 20. Qf4 Kxf7 21. Rf1 Kg8 22. Bb5 Re7 23. d6 cxd6 24. Bc4+ Kh8 25. Bb5 a6 26. Bd3 Qe8 27. Qf2 Rc8 28. a3 Rc5 29. Bf4 Ne5 30. Bb1 Bg7 31. Qh4 Rf7 32. b4 Rc3 33. Ba2 Rf8 34. Bd5 b5 35. Kh1 Nd3 36. g3 Nxf4 37. gxf4 Qe3 38. Bg2 Rc1 0-1

[Event "Muensterland Verbandsklasse-A 0304"]
[Site "Germany"]
[Date "2003.12.13"]
[Round "4.6"]
[White "Niessner, Ansgar"]
[Black "Schigiol, Jan Hendrik"]
[Result "1-0"]
[WhiteElo "1818"]
[BlackElo "1739"]
[PlyCount "75"]
[EventDate "2003.09.20"]
[EventType "team"]
[EventRounds "9"]
[EventCountry "GER"]
[SourceTitle "EXT 2005"]
[Source "ChessBase"]
[SourceDate "2004.11.15"]
[SourceVersion "1"]
[SourceVersionDate "2004.11.15"]
[SourceQuality "1"]
[WhiteTeam "Muenster Indische Dame"]
[BlackTeam "Muenster V"]
[WhiteTeamCountry "GER"]
[BlackTeamCountry "GER"]

1. e4 Nf6 2. e5 Nd5 3. d4 d6 4. Nf3 Bg4 5. Be2 Nc6 6. h3 Bf5 7. Bd3 Bxd3 8. Qxd3 dxe5 9. dxe5 Ndb4 10. Qe2 e6 11. 0-0 Bc5 12. Rd1 Qe7 13. a3 Nd5 14. c4 Nb6 15. b4 Bxb4 16. axb4 Qxb4 17. Nbd2 Rd8 18. Ba3 Qc3 19. Rdc1 Qd3 20. Qxd3 Rxd3 21. Kf1 Rd8 22. Nb3 Kd7 23. Ng5 Nxe5 24. f4 h6 25. Nxe6 fxe6 26. fxe5 Rhe8 27. Na5 Kc8 28. c5 Nd5 29. c6 bxc6 30. Nxc6 Rd7 31. Nxa7+ Kb7 32. Bc5 Rf7+ 33. Kg1 Rd8 34. Rab1+ Nb6 35. Nb5 Rf4 36. Bxb6 cxb6 37. Nd6+ Ka7 38. Rc7+ 1-0

[Event "Muensterland Verbandsklasse-A 0304"]
[Site "Germany"]
[Date "2003.10.04"]
[Round "2.7"]
[White "Vollstaedt, Raimo"]
[Black "Niessner, Ansgar"]
[Result "1-0"]
[WhiteElo "1742"]
[BlackElo "1818"]
[PlyCount "83"]
[EventDate "2003.09.20"]
[EventType "team"]
[EventRounds "9"]
[EventCountry "GER"]
[SourceTitle "EXT 2005"]
[Source "ChessBase"]
[SourceDate "2004.11.15"]
[SourceVersion "1"]
[SourceVersionDate "2004.11.15"]
[SourceQuality "1"]
[WhiteTeam "Emsdetten Turm III"]
[BlackTeam "Muenster Indische Dame"]
[WhiteTeamCountry "GER"]
[BlackTeamCountry "GER"]

1. c4 Nf6 2. d4 e6 3. Nc3 d5 4. Bg5 Be7 5. Nf3 0-0 6. e3 Ne4 7. Bxe7 Qxe7 8. cxd5 Nxc3 9. bxc3 exd5 10. Qb3 c6 11. Rb1 Nd7 12. c4 dxc4 13. Bxc4 Nb6 14. Bd3 Be6 15. Qc2 h6 16. 0-0 Nd5 17. a3 Qxa3 18. Rxb7 Nb4 19. Bh7+ Kh8 20. Qc5 Kxh7 21. Rxb4 a5 22. Qc2+ Kg8 23. Rb6 Rfc8 24. Rc1 Rab8 25. Rxb8 Rxb8 26. Ne5 Rb2 27. Qxc6 Qa2 28. Qa8+ Kh7 29. Qe4+ Kh8 30. Qf4 Rc2 31. e4 Rxc1+ 32. Qxc1 a4 33. d5 a3 34. dxe6 Qb2 35. Nd3 Qb7 36. exf7 Qxf7 37. Qxa3 Qc4 38. Qf8+ Kh7 39. Qf5+ Kh8 40. Qd5 Qc2 41. g3 Qd1+ 42. Kg2 1-0

[Event "Muensterland Verbandsklasse-A 0304"]
[Site "Germany"]
[Date "2003.09.20"]
[Round "1.8"]
[White "Prigge, Dieter"]
[Black "Niessner, Ansgar"]
[Result "1/2-1/2"]
[WhiteElo "1555"]
[BlackElo "1818"]
[PlyCount "106"]
[EventDate "2003.09.20"]
[EventType "team"]
[EventRounds "9"]
[EventCountry "GER"]
[SourceTitle "EXT 2005"]
[Source "ChessBase"]
[SourceDate "2004.11.15"]
[SourceVersion "1"]
[SourceVersionDate "2004.11.15"]
[SourceQuality "1"]
[WhiteTeam "Ibbenbueren"]
[BlackTeam "Muenster Indische Dame"]
[WhiteTeamCountry "GER"]
[BlackTeamCountry "GER"]

1. e4 c6 2. Nf3 d5 3. exd5 cxd5 4. d4 Bg4 5. Be2 Nc6 6. h3 Bh5 7. 0-0 e6 8. c3 Bd6 9. Ne5 Bxe2 10. Qxe2 Nf6 11. Bg5 h6 12. Bh4 0-0 13. f4 Be7 14. Nd2 Nd7 15. Nxc6 bxc6 16. Bxe7 Qxe7 17. f5 Rae8 18. Rae1 Qd8 19. Qf2 Qg5 20. Re3 exf5 21. Rxe8 Rxe8 22. Qxf5 Qe3+ 23. Qf2 Qe7 24. Nf3 f6 25. Nh4 Qe3 26. Qxe3 Rxe3 27. Nf5 Re6 28. Kf2 Kf7 29. Re1 Rxe1 30. Kxe1 Nb6 31. b3 h5 32. a4 g6 33. Ne3 a5 34. Kd2 Ke6 35. Nd1 Kd6 36. Nb2 c5 37. dxc5+ Kxc5 38. Nd3+ Kd6 39. Nf4 Ke5 40. Nxg6+ Kf5 41. Ne7+ Kf4 42. Ke2 Kg3 43. Kf1 Kf4 44. Ke2 Kg3 45. Kf1 Kf4 46. Kf2 Ke4 47. Ke2 Kf4 48. Nc6 Kg3 49. Kf1 Kf4 50. Kf2 Ke4 51. Ke2 Nd7 52. Nxa5 Nc5 53. Kd2 Kf4 1/2-1/2